Normal view
MARC view
Entry Personal Name
001 - CONTROL NUMBER
- control field: 82005
003 - CONTROL NUMBER IDENTIFIER
- control field: dpl
005 - DATE AND TIME OF LATEST TRANSACTION
- control field: 20250613120442.0
008 - FIXED-LENGTH DATA ELEMENTS
- fixed length control field: 250613|| aca||aabn | a|a d
040 ## - CATALOGING SOURCE
- Original cataloging agency: dpl
- Transcribing agency: dpl
100 ## - HEADING--PERSONAL NAME
- Personal name: Tiwari, Narendra
670 ## - SOURCE DATA FOUND
- Source citation: Work cat.: (dpl)211791: Tiwari, Narendra, Medical astrology :, 2022
